Pays ayant plus de 100 millions d'habitants - Mort subite - Statistiques

Statistiques générales
  • Ce quiz a été pris 206 092 fois
  • Le résultat moyen est 7 sur 16
Answers on the Grid
Answers color-coded by a green-red scale on the quiz's grid according to % correct below.
Viêt Nam
Etats-Unis
Russie
Philippines
Pakistan
Nigeria
Mexique
Japon
Indonésie
Inde
Ethiopie
Egypte
Rép. Dém. du Congo
Chine
Brésil
Bangladesh
Royaume-Uni
Turquie
Thaïlande
Tanzanie
Soudan
Espagne
Afrique du Sud
Corée du Sud
Australie
Maroc
Kenya
Italie
Pologne
Iran
Allemagne
France
Colombie
Canada
Argentine
Algérie
 
Statistiques - réponses
Réponse % Correct
Etats-Unis
66%
Chine
61%
Inde
58%
Brésil
51%
Russie
50%
Indonésie
43%
Japon
42%
Pakistan
42%
Nigeria
39%
Bangladesh
38%
Mexique
35%
Rép. Dém. du Congo
32%
Philippines
28%
Egypte
27%
Ethiopie
23%
Viêt Nam
19%
Aucun quiz correspondant
Distribution des résultats
% des personnes avec chaque résultat
Percentile par nombre de réponses
Votre historique - résultats
Vous n’avez pas pris ce quiz